[Event "DVM U10 2014"]
[Site "Magdeburg GER"]
[Date "2014.12.27"]
[Round "1"]
[White "Tünte, Henning"]
[Black "Rissel, Silas"]
[Result "1-0"]
[Termination "normal"]
[Board "19.2"]
[WhiteElo "918"]
[BlackElo "1019"]
[WhiteTeam "SG Turm Raesfeld/Erle"]
[BlackTeam "USV Volksbank Halle"]
[PlyCount "52"]
[EventCountry "GER"]
[EventRounds "7"]
[EventType "team-swiss"]
[EventDate "2014.12.27"]

1. e4 e5 2. Nf3 Nc6 3. Bc4 Nf6 4. Nc3 Bb4 5. a3 Bxc3 6. dxc3 d6 7. h3 O-O 8.
O-O h6 9. Be3 Qe8 10. Qe2 Be6 11. b3 Bxc4 12. Qxc4 b6 13. Rad1 Rc8 14. a4 Na5
15. Qa6 Nc6 16. Qc4 Na5 17. Qa6 Ra8 18. b4 Nc6 19. Qc4 Rc8 20. b5 Na5 21. Qa2
Nxe4 22. Bd2 Nxd2 23. Nxd2 c6 24. c4 c5 25. Nb3 Nxb3 26. Rd5 Rc7 {Rest nicht
nachvollziehbar} 1-0

[Event "DVM U10 2014"]
[Site "Magdeburg GER"]
[Date "2014.12.27"]
[Round "1"]
[White "Stowicek, Yara Mathilda"]
[Black "Mühl, Sophia"]
[Result "1/2-1/2"]
[Termination "normal"]
[Board "19.3"]
[WhiteElo "845"]
[BlackElo "600"]
[WhiteTeam "USV Volksbank Halle"]
[BlackTeam "SG Turm Raesfeld/Erle"]
[PlyCount "103"]
[WhiteFideId "16203569"]
[EventCountry "GER"]
[EventRounds "7"]
[EventType "team-swiss"]
[EventDate "2014.12.27"]

1. e4 e5 2. Nf3 Nc6 3. Bc4 Bc5 4. b4 Bxb4 5. c3 Bc5 6. d4 exd4 7. O-O dxc3 8.
Bxf7+ Kxf7 9. Qd5+ Ke8 10. Qxc5 d6 11. Qxc3 Nf6 12. Rd1 Nxe4 13. Re1 Qe7 14.
Qe3 d5 15. Nbd2 Nxd2 16. Qxe7+ Nxe7 17. Bxd2 Kd8 18. Bg5 Re8 19. Re2 h6 20. Bh4
Kd7 21. Rae1 g5 22. Bg3 b6 23. Rc2 c6 24. Nd4 Ba6 25. Ne6 h5 26. Nc7 Bd3 27.
Rd2 h4 28. Nxa8 hxg3 29. Rxd3 gxf2+ 30. Kxf2 Rxa8 31. Rde3 Re8 32. Kf3 d4 33.
Rd3 Rf8+ 34. Kg4 c5 35. Kxg5 Rg8+ 36. Kf6 Nd5+ 37. Kf7 Rxg2 38. h4 Rxa2 39. h5
Nf4 40. Re7+ Kd6 41. Rf3 Nxh5 42. Rf5 Ng3 43. Re6+ Kd7 44. Rd5+ Kc7 45. Ke7 Re2
46. Rd7+ Kc8 47. Kd6 Nf5+ 48. Kd5 Rxe6 49. Kxe6 Ng7+ 50. Rxg7 a5 51. Kd6 c4 52.
Kc6 1/2-1/2

[Event "DVM U10 2014"]
[Site "Magdeburg GER"]
[Date "2014.12.27"]
[Round "1"]
[White "Fölting, Enna"]
[Black "Gärtner, Uta"]
[Result "0-1"]
[Termination "normal"]
[Board "19.4"]
[WhiteElo "600"]
[BlackElo "810"]
[WhiteTeam "SG Turm Raesfeld/Erle"]
[BlackTeam "USV Volksbank Halle"]
[PlyCount "60"]
[WhiteFideId "16241274"]
[EventCountry "GER"]
[EventRounds "7"]
[EventType "team-swiss"]
[EventDate "2014.12.27"]

1. e4 e5 2. Nf3 Nc6 3. Bc4 Bc5 4. d3 Nf6 5. Bg5 d6 6. O-O Bg4 7. Nc3 Nd4 8. a3
Bxf3 9. gxf3 O-O 10. Nd5 h6 11. Nxf6+ gxf6 12. Bxh6 Re8 13. c3 Ne6 14. f4 exf4
15. Qg4+ Kh7 16. Bg7 Rg8 17. Bxe6 Rxg7 18. Bf5+ Kh8 19. Bg6 Rxg6 20. Qxg6 fxg6
21. Kg2 Qe7 22. Rh1 f5 23. exf5 gxf5 24. h4 Qe2 25. Raf1 Rg8+ 26. Kh2 Qf3 27.
Rfg1 Rg4 28. Rf1 Bxf2 29. Rxf2 Qxf2+ 30. Kh3 Qg3# 0-1

[Event "DVM U10 2014"]
[Site "Magdeburg GER"]
[Date "2014.12.27"]
[Round "1"]
[White "Tonne, Tobias"]
[Black "Jenschke, Tim"]
[Result "1/2-1/2"]
[Termination "normal"]
[Board "20.2"]
[WhiteElo "881"]
[BlackElo "1090"]
[WhiteTeam "BSG Grün-Weiß Leipzig 3"]
[BlackTeam "FHSG Stralsund"]
[PlyCount "41"]
[EventCountry "GER"]
[EventRounds "7"]
[EventType "team-swiss"]
[EventDate "2014.12.27"]

1. e4 e5 2. Nf3 Nc6 3. Bc4 Be7 4. Nc3 d6 5. d3 Nf6 6. Be3 O-O 7. Qd2 Ng4 8.
O-O-O Nxe3 9. fxe3 a6 10. Nd5 Be6 11. Nxe7+ Qxe7 12. Bxe6 Qxe6 13. Rdg1 Qxa2
14. Qc3 a5 15. g4 Qe6 16. Qe1 a4 17. Kb1 a3 18. b3 a2+ 19. Ka1 d5 20. exd5 Qxd5
21. Qg3 1/2-1/2

[Event "DVM U10 2014"]
[Site "Magdeburg GER"]
[Date "2014.12.27"]
[Round "1"]
[White "Troyke, Jannis"]
[Black "Nguyen, Jenny Ha-Linh"]
[Result "1-0"]
[Termination "normal"]
[Board "20.3"]
[WhiteElo "1089"]
[BlackElo "849"]
[WhiteTeam "FHSG Stralsund"]
[BlackTeam "BSG Grün-Weiß Leipzig 3"]
[PlyCount "69"]
[WhiteFideId "12993115"]
[BlackFideId "16209729"]
[EventCountry "GER"]
[EventRounds "7"]
[EventType "team-swiss"]
[EventDate "2014.12.27"]

1. d4 d5 2. c4 dxc4 3. Nf3 Nc6 4. Nc3 Bf5 5. e4 Bxe4 6. Nxe4 e6 7. Bxc4 Bb4+ 8.
Bd2 Bxd2+ 9. Qxd2 Nf6 10. Nxf6+ Qxf6 11. O-O O-O-O 12. Rad1 Rhe8 13. Qg5 Qxg5
14. Nxg5 Re7 15. d5 exd5 16. Bxd5 Nb4 17. Bxb7+ Kxb7 18. Rxd8 h6 19. Nf3 Nc6
20. Rd2 Kc8 21. b4 Nxb4 22. Rb2 a5 23. a3 Re4 24. axb4 axb4 25. Rfb1 c5 26. Nd2
Rf4 27. g3 Rg4 28. f3 Rd4 29. Nb3 Rc4 30. Na5 Rd4 31. Nc6 Kc7 32. Nxd4 c4 33.
Rxb4 c3 34. Rc4+ Kd8 35. Rxc3 1-0

[Event "DVM U10 2014"]
[Site "Magdeburg GER"]
[Date "2014.12.27"]
[Round "1"]
[White "Watts, Marius"]
[Black "Krämer, Bruno"]
[Result "1-0"]
[Termination "normal"]
[Board "20.4"]
[WhiteElo "743"]
[BlackElo "794"]
[WhiteTeam "BSG Grün-Weiß Leipzig 3"]
[BlackTeam "FHSG Stralsund"]
[PlyCount "43"]
[WhiteFideId "12989363"]
[EventCountry "GER"]
[EventRounds "7"]
[EventType "team-swiss"]
[EventDate "2014.12.27"]

1. e4 e5 2. Nf3 Nc6 3. Nc3 Nf6 4. Bc4 Bc5 5. d3 O-O 6. Be3 Bxe3 7. fxe3 d6 8.
Qd2 Bd7 9. O-O-O a6 10. Rhg1 b5 11. h4 bxc4 12. dxc4 Rb8 13. g4 Be6 14. g5 Nd7
15. h5 f6 16. g6 hxg6 17. hxg6 Re8 18. Qh2 Kf8 19. Qh8+ Bg8 20. Rh1 Qc8 21. Rh7
Qb7 22. Qxg7# 1-0

[Event "DVM U10 2014"]
[Site "Magdeburg GER"]
[Date "2014.12.27"]
[Round "1"]
[White "Rößler, Philipp"]
[Black "Hiller, Klemens"]
[Result "0-1"]
[Termination "normal"]
[Board "21.1"]
[WhiteElo "915"]
[BlackElo "1165"]
[WhiteTeam "SC 1994 Oberland"]
[BlackTeam "SV Dresden-Leuben"]
[PlyCount "36"]
[WhiteFideId "16209885"]
[BlackFideId "16255739"]
[EventCountry "GER"]
[EventRounds "7"]
[EventType "team-swiss"]
[EventDate "2014.12.27"]

1. e4 e6 2. d4 d5 3. exd5 Qxd5 4. Nc3 Qd8 5. Nf3 Nc6 6. Be3 Nf6 7. Bc4 Bb4 8.
a3 Bxc3+ 9. bxc3 Ne4 10. Qd3 Nf6 11. O-O O-O 12. Rab1 Qd6 13. h3 Qxa3 14. Rb3
Qe7 15. Re1 Na5 16. Ra3 Qxa3 17. Rc1 Nxc4 18. Qxc4 Qd6 {Rest nicht
nachvollziehbar} 0-1

[Event "DVM U10 2014"]
[Site "Magdeburg GER"]
[Date "2014.12.27"]
[Round "1"]
[White "Macher, Thore"]
[Black "Seibt, Bruno"]
[Result "1-0"]
[Termination "normal"]
[Board "21.2"]
[WhiteElo "1082"]
[BlackElo "862"]
[WhiteTeam "SV Dresden-Leuben"]
[BlackTeam "SC 1994 Oberland"]
[PlyCount "63"]
[BlackFideId "16219988"]
[EventCountry "GER"]
[EventRounds "7"]
[EventType "team-swiss"]
[EventDate "2014.12.27"]

1. d4 d5 2. e3 Nc6 3. Nf3 Nf6 4. c4 e6 5. Bd2 Bd7 6. Nc3 Bd6 7. Qb3 Nb4 8. c5
a5 9. Bb5 Bxb5 10. Nxb5 Be7 11. Bxb4 axb4 12. Qxb4 b6 13. O-O O-O 14. Rac1 Ne4
15. Rfe1 Qe8 16. Nxc7 Qa4 17. Qxa4 Rxa4 18. cxb6 Rxa2 19. Rc2 Ba3 20. Ne5 Bxb2
21. Nd7 Rd8 22. b7 h6 23. b8=Q Rxb8 24. Nxb8 Nc3 25. Rxc3 Bxc3 26. h3 Bb4 27.
Nc6 Rc2 28. Nxb4 Rxc7 29. Na6 Re7 30. Nc5 e5 31. dxe5 Rxe5 32. Nd7 {Rest nicht
nachvollziehbar} 1-0

[Event "DVM U10 2014"]
[Site "Magdeburg GER"]
[Date "2014.12.27"]
[Round "1"]
[White "Augustin, Elias"]
[Black "Wiedersich, Hendryk"]
[Result "1-0"]
[Termination "normal"]
[Board "21.3"]
[WhiteElo "879"]
[BlackElo "1004"]
[WhiteTeam "SC 1994 Oberland"]
[BlackTeam "SV Dresden-Leuben"]
[PlyCount "99"]
[WhiteFideId "16236963"]
[BlackFideId "16255399"]
[EventCountry "GER"]
[EventRounds "7"]
[EventType "team-swiss"]
[EventDate "2014.12.27"]

1. e4 c5 2. Nf3 Nc6 3. Bc4 e6 4. d3 d5 5. exd5 exd5 6. Bb5 Bd7 7. Bxc6 Bxc6 8.
Bg5 Nf6 9. O-O Be7 10. Re1 O-O 11. Bxf6 Bxf6 12. Nc3 d4 13. Ne4 Re8 14. Nxf6+
Qxf6 15. Rxe8+ Rxe8 16. Qd2 Bxf3 17. gxf3 Qxf3 18. Re1 Rxe1+ 19. Qxe1 Kf8 20.
Qe5 Qg4+ 21. Kf1 Qh3+ 22. Ke2 Qe6 23. Qxe6 fxe6 24. Kf3 Ke7 25. Ke4 Kf6 26. f4
g6 27. h4 h5 28. c4 dxc3 29. bxc3 b5 30. c4 b4 31. d4 cxd4 32. Kxd4 a5 33. c5
a4 34. Kc4 b3 35. axb3 a3 36. Kc3 Ke7 37. b4 a2 38. Kb2 Kd7 39. Kxa2 Kc6 40.
Ka3 Kb5 41. Kb3 Kc6 42. Kc4 Kc7 43. b5 Kb7 44. c6+ Kc7 45. Kc5 Kc8 46. b6 Kb8
47. c7+ Kb7 48. Kd6 Kc8 49. Kc6 e5 50. b7# 1-0

[Event "DVM U10 2014"]
[Site "Magdeburg GER"]
[Date "2014.12.27"]
[Round "1"]
[White "Müller, Peter"]
[Black "Rönsch, Franziska"]
[Result "0-1"]
[Termination "normal"]
[Board "21.4"]
[WhiteElo "861"]
[BlackElo "677"]
[WhiteTeam "SV Dresden-Leuben"]
[BlackTeam "SC 1994 Oberland"]
[PlyCount "30"]
[EventCountry "GER"]
[EventRounds "7"]
[EventType "team-swiss"]
[EventDate "2014.12.27"]

1. d4 d5 2. Nc3 Nf6 3. Bg5 Bf5 4. e3 h6 5. Bxf6 exf6 6. Bd3 Be6 7. Nf3 Bd6 8.
e4 O-O 9. exd5 Bc8 10. O-O c6 11. dxc6 bxc6 12. Nh4 c5 13. Be4 f5 14. Bxa8 Qxh4
15. dxc5 Qxh2# 0-1

[Event "DVM U10 2014"]
[Site "Magdeburg GER"]
[Date "2014.12.27"]
[Round "1"]
[White "Deutsch, Christoph"]
[Black "Currenti, Gianluca"]
[Result "1-0"]
[Termination "normal"]
[Board "22.1"]
[WhiteElo "1215"]
[BlackElo "849"]
[WhiteTeam "SK Gründau"]
[BlackTeam "Schachzwerge Magdeburg 3"]
[PlyCount "31"]
[WhiteFideId "16206878"]
[EventCountry "GER"]
[EventRounds "7"]
[EventType "team-swiss"]
[EventDate "2014.12.27"]

1. e4 e5 2. Nf3 Nc6 3. Bc4 Bc5 4. Nc3 Nf6 5. d3 d6 6. h3 O-O 7. Bg5 h6 8. Bh4
Bd7 9. Nd5 Nd4 10. Nxd4 Bxd4 11. c3 Bc5 12. Nxf6+ gxf6 13. O-O Qe8 14. Bxf6 Ba4
15. Qg4+ Kh7 16. Qg7# 1-0

[Event "DVM U10 2014"]
[Site "Magdeburg GER"]
[Date "2014.12.27"]
[Round "1"]
[White "Weber, Willi"]
[Black "Bayer, Melissa"]
[Result "0-1"]
[Termination "normal"]
[Board "22.2"]
[WhiteElo "749"]
[BlackElo "1040"]
[WhiteTeam "Schachzwerge Magdeburg 3"]
[BlackTeam "SK Gründau"]
[PlyCount "102"]
[BlackFideId "16206916"]
[EventCountry "GER"]
[EventRounds "7"]
[EventType "team-swiss"]
[EventDate "2014.12.27"]

1. e4 e5 2. Nf3 Nc6 3. Bc4 Bb4 4. Nc3 Nf6 5. d3 d6 6. h3 O-O 7. Bg5 h6 8. Bh4
Nd4 9. O-O Bxc3 10. bxc3 Ne6 11. Qe2 Nf4 12. Qe3 Bd7 13. g3 Nxh3+ 14. Kh2 Qe7
15. Rab1 b6 16. Rb5 Bxb5 17. Bxb5 Qe6 18. Bc4 Qe7 19. Bd5 Rab8 20. Kxh3 Nxd5
21. exd5 g5 22. Nxg5 hxg5 23. Bxg5 Qd7+ 24. g4 f6 25. Bh6 Qh7 26. g5 Qf5+ 27.
Kh2 Rf7 28. Rg1 Qf4+ 29. Kh1 Qh4+ 30. Kg2 Qf4 31. Kf1 Qxe3 32. gxf6+ Kh7 33.
Bxe3 Rxf6 34. Rh1+ Kg7 35. Rh5 Rbf8 36. Rh4 R8f7 37. a4 Rf3 38. Bh6+ Kg6 39.
Rh2 c5 40. d4 cxd4 41. c4 e4 42. a5 e3 43. axb6 axb6 44. c5 bxc5 45. Ke1 exf2+
46. Kf1 c4 47. Bd2 Kf5 48. Rh5+ Kg4 49. Rh8 Rg3 50. Rg8+ Kf3 51. Rd8 Rg1# 0-1

[Event "DVM U10 2014"]
[Site "Magdeburg GER"]
[Date "2014.12.27"]
[Round "1"]
[White "Deutsch, Volker"]
[Black "Henneberg, Gregor"]
[Result "1-0"]
[Termination "normal"]
[Board "22.3"]
[WhiteElo "1059"]
[BlackElo "600"]
[WhiteTeam "SK Gründau"]
[BlackTeam "Schachzwerge Magdeburg 3"]
[PlyCount "45"]
[WhiteFideId "16206886"]
[EventCountry "GER"]
[EventRounds "7"]
[EventType "team-swiss"]
[EventDate "2014.12.27"]

1. e4 e5 2. Nf3 Nc6 3. Nc3 Nf6 4. Bc4 Bc5 5. d3 O-O 6. Bg5 d6 7. h3 Bd4 8. O-O
Bc5 9. Nd5 Nxd5 10. Bxd8 Nxd8 11. Bxd5 c6 12. Bb3 Ne6 13. Re1 Nd4 14. Nxd4 Bxd4
15. c3 Bb6 16. d4 exd4 17. cxd4 c5 18. d5 Ba5 19. Re3 Bd7 20. Qh5 Bb5 21. Bc2
Rae8 22. e5 dxe5 23. Qxh7# 1-0

[Event "DVM U10 2014"]
[Site "Magdeburg GER"]
[Date "2014.12.27"]
[Round "1"]
[White "Röder, Fynn"]
[Black "Deutsch, Oliver"]
[Result "0-1"]
[Termination "normal"]
[Board "22.4"]
[WhiteElo "600"]
[BlackElo "791"]
[WhiteTeam "Schachzwerge Magdeburg 3"]
[BlackTeam "SK Gründau"]
[PlyCount "67"]
[BlackFideId "16206894"]
[EventCountry "GER"]
[EventRounds "7"]
[EventType "team-swiss"]
[EventDate "2014.12.27"]

1. c4 e5 2. e4 Nf6 3. d4 exd4 4. Qxd4 Nc6 5. Qd5 Nxe4 6. f3 Nf6 7. Qe4+ Qe7 8.
Qxe7+ Bxe7 9. Bg5 d5 10. cxd5 Nxd5 11. Bxe7 Ncxe7 12. Bb5+ c6 13. Bc4 O-O 14.
Bxd5 cxd5 15. Nc3 Re8 16. O-O-O Be6 17. Nb5 Rac8+ 18. Kb1 Bf5+ 19. Ka1 Bc2 20.
Nd6 Bxd1 21. Nxc8 Nxc8 22. Nh3 Bc2 23. b3 b5 24. Kb2 Bg6 25. Kc1 Rd8 26. Kd1 d4
27. Kd2 Nb6 28. Re1 Nd5 29. g4 Kf8 30. b4 Nxb4 31. Re8+ Rxe8 32. Nf2 Re3 33.
Kd1 Rxf3 34. Ke1 0-1

[Event "DVM U10 2014"]
[Site "Magdeburg GER"]
[Date "2014.12.27"]
[Round "1"]
[White "Franke, Josef"]
[Black "von Asow, Till"]
[Result "0-1"]
[Termination "normal"]
[Board "23.1"]
[WhiteElo "790"]
[BlackElo "1091"]
[WhiteTeam "SK Neumarkt"]
[BlackTeam "SpVgg Rommelshausen"]
[PlyCount "78"]
[BlackFideId "16257162"]
[EventCountry "GER"]
[EventRounds "7"]
[EventType "team-swiss"]
[EventDate "2014.12.27"]

1. e4 c5 2. Nc3 d6 3. Bd3 Nf6 4. Nf3 g6 5. Bc4 Bg7 6. Ng5 O-O 7. O-O Bg4 8. f3
Bd7 9. d3 b5 10. Nxb5 a6 11. Nc3 Nc6 12. Be3 Na5 13. d4 Nxc4 14. dxc5 Nxe3 15.
Qd3 Nxf1 16. Rxf1 dxc5 17. e5 Nh5 18. f4 h6 19. Nf3 Nxf4 20. Qc4 Nh5 21. Qxc5
Rb8 22. b3 Qb6 23. b4 Qxb4 24. Qa7 Qb6+ 25. Qxb6 Rxb6 26. Nd5 Rb2 27. Nxe7+ Kh7
28. Rd1 Bg4 29. Rf1 Bxf3 30. Rxf3 Bxe5 31. g4 Nf4 32. Nc6 Bc7 33. h3 Rxc2 34.
Nd4 Rxa2 35. h4 Re8 36. Rf1 a5 37. g5 hxg5 38. hxg5 Nh3+ 39. Kh1 Rh2# 0-1

[Event "DVM U10 2014"]
[Site "Magdeburg GER"]
[Date "2014.12.27"]
[Round "1"]
[White "Ruppert, Jeremy"]
[Black "Henseler, Daniel"]
[Result "0-1"]
[Termination "normal"]
[Board "23.2"]
[WhiteElo "1056"]
[BlackElo "600"]
[WhiteTeam "SpVgg Rommelshausen"]
[BlackTeam "SK Neumarkt"]
[PlyCount "24"]
[EventCountry "GER"]
[EventRounds "7"]
[EventType "team-swiss"]
[EventDate "2014.12.27"]

1. e4 e5 2. Nf3 Nc6 3. Bc4 Nf6 4. Ng5 Qe7 5. Nxf7 Rg8 6. O-O Nxe4 7. Qh5 g6 8.
Qxh7 Rg7 9. Qh3 Rxf7 10. Bxf7+ Qxf7 11. Re1 Qxf2+ 12. Kh1 Qxe1# 0-1

[Event "DVM U10 2014"]
[Site "Magdeburg GER"]
[Date "2014.12.27"]
[Round "1"]
[White "Burger, Radena"]
[Black "Kohleisen, Konstantin"]
[Result "0-1"]
[Termination "normal"]
[Board "23.3"]
[WhiteElo "775"]
[BlackElo "918"]
[WhiteTeam "SK Neumarkt"]
[BlackTeam "SpVgg Rommelshausen"]
[PlyCount "52"]
[WhiteFideId "16217241"]
[EventCountry "GER"]
[EventRounds "7"]
[EventType "team-swiss"]
[EventDate "2014.12.27"]

1. e4 e5 2. Nf3 Nc6 3. Bc4 Nf6 4. Nc3 Nxe4 5. Nxe4 d5 6. Nd6+ Kd7 7. Bxd5 cxd6
8. Nh4 Qxh4 9. Qf3 Kc7 10. Qxf7+ Kb8 11. g3 Qb4 12. a3 Qa4 13. d3 Qxc2 14. Bd2
Nd8 15. Qe8 Kc7 16. Ba5+ b6 17. Bd2 Rb8 18. Bg5 Bg4 19. Bxd8+ Rxd8 20. Qf7+ Rd7
21. Qe8 Qxb2 22. Be6 Bxe6 23. Rd1 Bd5 24. Rf1 Bf3 25. Rd2 Qc1+ 26. Rd1 Qxd1#
0-1

[Event "DVM U10 2014"]
[Site "Magdeburg GER"]
[Date "2014.12.27"]
[Round "1"]
[White "Raichle, Simon"]
[Black "Franke, Maria"]
[Result "1-0"]
[Termination "normal"]
[Board "23.4"]
[WhiteElo "1028"]
[BlackElo "600"]
[WhiteTeam "SpVgg Rommelshausen"]
[BlackTeam "SK Neumarkt"]
[PlyCount "87"]
[EventCountry "GER"]
[EventRounds "7"]
[EventType "team-swiss"]
[EventDate "2014.12.27"]

1. e4 Nf6 2. Nc3 d6 3. Bc4 Bg4 4. Nf3 Nc6 5. h3 Bh5 6. Bb5 a6 7. Bxc6+ bxc6 8.
d3 e6 9. Bg5 h6 10. Bh4 g5 11. Bg3 d5 12. exd5 cxd5 13. O-O d4 14. Na4 Qd7 15.
c3 e5 16. cxd4 exd4 17. Re1+ Be7 18. Rc1 Nd5 19. Nc5 Qd8 20. Nb7 Qd7 21. Nc5
Qd8 22. Qa4+ Kf8 23. Nb7 Nb6 24. Qc6 Qb8 25. Bxc7 Qc8 26. Qxb6 Bb4 27. Bd6+
Bxd6 28. Rxc8+ Rxc8 29. Qxd6+ Kg8 30. g4 Rb8 31. gxh5 Rxb7 32. Re8+ Kh7 33.
Rxh8+ Kxh8 34. Qxh6+ Kg8 35. Nxg5 f6 36. Qxf6 Rg7 37. h6 Rxg5+ 38. Qxg5+ Kf8
39. h7 Kf7 40. h8=Q Ke6 41. Qhe5+ Kd7 42. Qg6 Kc8 43. Qe7 Kb8 44. Qg8# 1-0

[Event "DVM U10 2014"]
[Site "Magdeburg GER"]
[Date "2014.12.27"]
[Round "1"]
[White "Lehmann, Taylor"]
[Black "Rudi, Jonathan"]
[Result "0-1"]
[Termination "normal"]
[Board "24.2"]
[WhiteElo "786"]
[BlackElo "1107"]
[WhiteTeam "SF Hettstedt"]
[BlackTeam "SK Nordhorn-Blanke"]
[PlyCount "76"]
[WhiteFideId "16240642"]
[BlackFideId "16241827"]
[EventCountry "GER"]
[EventRounds "7"]
[EventType "team-swiss"]
[EventDate "2014.12.27"]

1. e4 e5 2. Qh5 Nc6 3. Bc4 g6 4. Qf3 Nf6 5. Nc3 Bg7 6. Nge2 d6 7. Qg3 Bg4 8.
O-O O-O 9. Nd5 Bxe2 10. Bxe2 Nxe4 11. Qg4 Nf6 12. Nxf6+ Qxf6 13. d3 Nd4 14. Bg5
Nxe2+ 15. Kh1 Qf5 16. Qxf5 gxf5 17. Rfe1 Nd4 18. c3 Nc2 19. Rec1 Nxa1 20. Rxa1
h6 21. Be3 f4 22. Bd2 c5 23. d4 cxd4 24. cxd4 Rac8 25. h3 Rc2 26. Bb4 Rd8 27.
dxe5 Bxe5 28. Bc3 Bxc3 29. bxc3 Rxc3 30. Re1 d5 31. a4 Ra3 32. Re7 Rxa4 33.
Rxb7 Ra1+ 34. Kh2 d4 35. Rb2 d3 36. Rd2 Rc1 37. g3 fxg3+ 38. Kxg3 Rc2 0-1

[Event "DVM U10 2014"]
[Site "Magdeburg GER"]
[Date "2014.12.27"]
[Round "1"]
[White "Meijerink, Inken"]
[Black "Isensee, Lennart"]
[Result "1-0"]
[Termination "normal"]
[Board "24.3"]
[WhiteElo "924"]
[BlackElo "800"]
[WhiteTeam "SK Nordhorn-Blanke"]
[BlackTeam "SF Hettstedt"]
[PlyCount "29"]
[WhiteFideId "16225465"]
[EventCountry "GER"]
[EventRounds "7"]
[EventType "team-swiss"]
[EventDate "2014.12.27"]

1. e4 e6 2. Nf3 Bc5 3. Nc3 Nf6 4. e5 Ng4 5. Ne4 Nxf2 6. Nxf2 Bxf2+ 7. Kxf2 O-O
8. Bd3 Nc6 9. Rf1 d6 10. Kg1 Nxe5 11. Nxe5 dxe5 12. Qh5 h6 13. Qxe5 Bd7 14. Qe4
Bc6 15. Qh7# 1-0

[Event "DVM U10 2014"]
[Site "Magdeburg GER"]
[Date "2014.12.27"]
[Round "1"]
[White "Kögler, Lukas"]
[Black "Wolterink, Insa"]
[Result "1-0"]
[Termination "normal"]
[Board "24.4"]
[WhiteElo "775"]
[BlackElo "865"]
[WhiteTeam "SF Hettstedt"]
[BlackTeam "SK Nordhorn-Blanke"]
[PlyCount "71"]
[BlackFideId "16235266"]
[EventCountry "GER"]
[EventRounds "7"]
[EventType "team-swiss"]
[EventDate "2014.12.27"]

1. e4 e5 2. Nf3 Nc6 3. Be2 Bb4 4. O-O Nf6 5. d3 d6 6. Bg5 Bg4 7. Nc3 O-O 8. Bh6
gxh6 9. Nh4 Bxe2 10. Qxe2 Kh8 11. Nd5 Nxd5 12. exd5 Nd4 13. Qg4 Rg8 14. Qh5 Qf6
15. a3 Rg5 16. Qd1 Bc5 17. b4 Bb6 18. c3 Nf3+ 19. Kh1 Qf4 20. g3 Qg4 21. Kg2 f5
22. h3 Qh5 23. d4 f4 24. Nxf3 fxg3 25. Nxg5 Qxg5 26. fxg3 Rg8 27. Rf3 e4 28. g4
exf3+ 29. Kxf3 Rf8+ 30. Kg3 Qxd5 31. Qe2 h5 32. Qe7 Qf3+ 33. Kh4 Qf2+ 34. Kxh5
c6 35. Kh6 Bd8 36. Qxh7# 1-0

[Event "DVM U10 2014"]
[Site "Magdeburg GER"]
[Date "2014.12.27"]
[Round "1"]
[White "Hildebrandt, Colin"]
[Black "Wang, Xinyuan"]
[Result "0-1"]
[Termination "normal"]
[Board "25.1"]
[WhiteElo "600"]
[BlackElo "1251"]
[WhiteTeam "Hamburger SK 3"]
[BlackTeam "SG Königskinder Hohentübingen"]
[PlyCount "72"]
[BlackFideId "16221494"]
[EventCountry "GER"]
[EventRounds "7"]
[EventType "team-swiss"]
[EventDate "2014.12.27"]

1. d4 d5 2. c4 e6 3. Nc3 Nf6 4. Bg5 c5 5. cxd5 exd5 6. Nf3 Nc6 7. e4 Be6 8. e5
h6 9. Bxf6 gxf6 10. exf6 Qxf6 11. Bb5 a6 12. Bxc6+ bxc6 13. O-O Rg8 14. g3 Bg4
15. Qe1+ Be7 16. Ne5 Bh3 17. Qe3 Rg5 18. Rfe1 Rc8 19. dxc5 Rc7 20. Rad1 Rxe5
21. Qf4 Rxe1+ 22. Rxe1 Qxf4 23. gxf4 Kf8 24. Re3 Be6 25. a3 d4 26. Rxe6 fxe6
27. Ne4 Rb7 28. b4 Kf7 29. h4 Kg6 30. Ng3 Bxh4 31. Kg2 Bxg3 32. Kxg3 d3 33. Kg4
d2 34. f3 d1=Q 35. b5 Rd7 36. bxc6 Rd2 0-1

[Event "DVM U10 2014"]
[Site "Magdeburg GER"]
[Date "2014.12.27"]
[Round "1"]
[White "Jakob, Georg"]
[Black "von Krosigk, Florian"]
[Result "1-0"]
[Termination "normal"]
[Board "25.2"]
[WhiteElo "979"]
[BlackElo "600"]
[WhiteTeam "SG Königskinder Hohentübingen"]
[BlackTeam "Hamburger SK 3"]
[PlyCount "77"]
[WhiteFideId "16224221"]
[BlackFideId "16227808"]
[EventCountry "GER"]
[EventRounds "7"]
[EventType "team-swiss"]
[EventDate "2014.12.27"]

1. e4 e5 2. Nf3 Nc6 3. Bb5 Nf6 4. d3 Bc5 5. O-O d6 6. c3 Bg4 7. Re1 O-O 8. Nbd2
a6 9. Ba4 b5 10. Bc2 Nh5 11. h3 Bxf3 12. Qxf3 Qg5 13. Nf1 Nf4 14. Kh1 Rae8 15.
g3 Bxf2 16. Qxf2 Nxh3 17. Qh2 Qg4 18. Bd1 Qd7 19. Kg2 Ng5 20. Bxg5 Re6 21. Bg4
Rfe8 22. Bf5 h6 23. Bxe6 Rxe6 24. Bd2 Rf6 25. Ne3 Ne7 26. Rh1 Ng6 27. Nd5 Re6
28. Raf1 Kf8 29. Rf2 c6 30. Nb4 a5 31. Nc2 d5 32. Rhf1 f6 33. Bxh6 dxe4 34.
Rxf6+ Rxf6 35. Rxf6+ Ke8 36. Qh5 gxf6 37. Qxg6+ Kd8 38. Qg8+ Kc7 39. Qg7 1-0

[Event "DVM U10 2014"]
[Site "Magdeburg GER"]
[Date "2014.12.27"]
[Round "1"]
[White "Freitag, Gerrit"]
[Black "Dunder, Tim"]
[Result "1-0"]
[Termination "normal"]
[Board "25.3"]
[WhiteElo "600"]
[BlackElo "830"]
[WhiteTeam "Hamburger SK 3"]
[BlackTeam "SG Königskinder Hohentübingen"]
[PlyCount "41"]
[WhiteFideId "34650148"]
[EventCountry "GER"]
[EventRounds "7"]
[EventType "team-swiss"]
[EventDate "2014.12.27"]

1. e4 c5 2. Nf3 a6 3. Bc4 e5 4. d3 Nc6 5. Ng5 Nh6 6. Nc3 Be7 7. Nf3 Ng4 8. O-O
d6 9. Be3 Nxe3 10. fxe3 Bh4 11. d4 Qf6 12. Nxh4 Qxh4 13. Bxf7+ Kd8 14. dxc5 Qg5
15. Nd5 Bh3 16. Rf2 Rf8 17. Nb6 Rxf7 18. Qxd6+ Bd7 19. Rxf7 Qe7 20. Rxe7 Nxe7
21. Qxd7# 1-0

[Event "DVM U10 2014"]
[Site "Magdeburg GER"]
[Date "2014.12.27"]
[Round "1"]
[White "Aga, Kenan"]
[Black "Fuhrmann, Bahne"]
[Result "0-1"]
[Termination "normal"]
[Board "25.4"]
[WhiteElo "600"]
[BlackElo "600"]
[WhiteTeam "SG Königskinder Hohentübingen"]
[BlackTeam "Hamburger SK 3"]
[PlyCount "66"]
[BlackFideId "16244842"]
[EventCountry "GER"]
[EventRounds "7"]
[EventType "team-swiss"]
[EventDate "2014.12.27"]

1. e4 c5 2. Nc3 a6 3. Nf3 Nc6 4. Bc4 e5 5. O-O Nf6 6. d3 Qc7 7. Bg5 Be7 8. Bxf6
Bxf6 9. a4 O-O 10. b3 d6 11. Qe2 Bg4 12. h3 Nd4 13. Qd2 Bxf3 14. gxf3 Nxf3+ 15.
Kg2 Nxd2 16. Rfd1 Nxc4 17. dxc4 b5 18. axb5 axb5 19. Nxb5 Rxa1 20. Rxa1 Qc6 21.
f3 Qb7 22. Ra7 Qc6 23. Nc7 Qd7 24. Nb5 Qc8 25. Nxd6 Qb8 26. Rd7 Be7 27. Rb7
Qxd6 28. c3 Qd2+ 29. Kg3 Qf4+ 30. Kf2 Bh4+ 31. Ke2 Bg5 32. Rc7 Qe3+ 33. Kd1
Qd2# 0-1